[Event "WYg16"]
[Site "Heraklio GRE"]
[Date "2002.11.17"]
[Round "3"]
[White "Tania,S"]
[Black "Kovanova,B"]
[Result "1-0"]
[WhiteElo "2189"]
[BlackElo "2136"]
[EventDate "2002.11.15"]

1. e4 e5 2. Nf3 Nc6 3. Bb5 a6 4. Ba4 Nf6 5. O-O Be7 6. Re1 b5 7. Bb3 O-O 8.
d3 d6 9. c3 Na5 10. Bc2 c5 11. Nbd2 Re8 12. Nf1 Bf8 13. a4 Bb7 14. Ng3 g6
15. d4 Bg7 16. dxe5 dxe5 17. Qxd8 Rexd8 18. Nxe5 Re8 19. f4 g5 20. Nf3 gxf4
21. Bxf4 Nc4 22. b3 Nb6 23. Bc7 Nbd7 24. Rad1 Rac8 25. Bd6 Nf8 26. e5 N6d7
27. Nf5 Bxf3 28. gxf3 Nxe5 29. Be4 Bf6 30. Bb7 Rcd8 31. Bxc5 Rb8 32. Nd6
Red8 33. Ba7 Rxb7 34. Nxb7 Rc8 35. Kg2 Nfg6 36. Bd4 Nh4+ 37. Kh1 Nhxf3 38.
Rf1 Kg7 39. Nd6 Rb8 40. Ne4 Nxd4 41. cxd4 Nd7 42. Nxf6 Nxf6 43. d5 Rd8 44.
d6 Rd7 45. axb5 axb5 46. Rf5 b4 47. Rg1+ 1-0

[Event "WYg16"]
[Site "Heraklio GRE"]
[Date "2002.11.17"]
[Round "4"]
[White "Papadopoulou,V"]
[Black "Worek,J"]
[Result "0-1"]
[WhiteElo "2165"]
[BlackElo "2230"]
[EventDate "2002.11.15"]

1. d4 Nf6 2. c4 g6 3. Nc3 Bg7 4. e4 d6 5. Be2 O-O 6. Bg5 c5 7. d5 b5 8.
cxb5 a6 9. a4 Qa5 10. Bd2 Qb4 11. f3 Nfd7 12. Nh3 axb5 13. Bxb5 Ba6 14.
Bxa6 Nxa6 15. Nf2 c4 16. Ra2 Nac5 17. O-O Nb3 18. Be1 Qb6 19. Qe2 Nc1 20.
Qxc4 Rfc8 21. Qb5 Qxb5 0-1

[Event "WYg16"]
[Site "Heraklio GRE"]
[Date "2002.11.17"]
[Round "4"]
[White "Chistiakova,T"]
[Black "Hoang Thi Bao Tram"]
[Result "1-0"]
[WhiteElo "2223"]
[BlackElo "2150"]
[EventDate "2002.11.15"]

1. Nf3 Nf6 2. e3 d5 3. c4 c6 4. Nc3 e6 5. b3 Be7 6. g3 b6 7. Bg2 Nbd7 8.
O-O Ba6 9. d3 O-O 10. Bb2 Rc8 11. e4 b5 12. exd5 exd5 13. Nd4 bxc4 14. bxc4
Ne5 15. Re1 Bd6 16. f4 Ng6 17. Kh1 Bc5 18. Nb3 Bb4 19. Nd2 dxc4 20. Nxc4
Nd5 21. Rc1 Qd7 22. Qh5 Nxc3 23. Bxc3 Bxc3 24. Rxc3 Qd4 25. Rec1 Rfe8 26.
f5 Nf8 27. Be4 Nd7 28. Qf3 Bb5 29. Qf4 Ne5 30. f6 c5 31. Nxe5 Rxe5 32. Qg4
1-0

[Event "WYg16"]
[Site "Heraklio GRE"]
[Date "2002.11.17"]
[Round "4"]
[White "Karavade,E"]
[Black "Zawadzka,J"]
[Result "1/2-1/2"]
[WhiteElo "2171"]
[BlackElo "2310"]
[EventDate "2002.11.15"]

1. Nf3 Nf6 2. g3 g6 3. Bg2 Bg7 4. O-O O-O 5. c4 d6 6. Nc3 c5 7. d4 Nc6 8.
dxc5 dxc5 9. Be3 Nd7 10. Nd2 Qb6 11. Nb3 Nce5 12. Na4 Qc7 13. Rc1 Ng4 14.
Bxc5 Nxc5 15. Nbxc5 Bh6 16. Rc3 Rd8 17. Qb3 Bg7 18. Rcc1 Rd2 19. Rc2 Rxc2
20. Qxc2 Rb8 21. Qb3 b6 22. Nd3 Ba6 23. Rc1 Ne5 24. Nb4 Bxc4 25. Na6 Qd6
26. Rxc4 Nxc4 27. Nxb8 Na5 28. Qd5 Qxb8 29. b4 e6 30. Qa8 Qxa8 31. Bxa8 Nc4
32. b5 Kf8 33. Kf1 Ke7 34. Ke1 Kd6 35. e3 Na3 36. Bc6 Nc2+ 37. Kd2 Nb4 38.
Be8 Ke7 39. a3 Kxe8 40. axb4 Kd7 41. Nc3 Bf8 42. Na2 Kd6 43. Kd3 f5 44. Kc4
Ke5 45. f3 Bh6 46. Kd3 Bf8 47. Kc4 g5 48. Nc3 h5 49. f4+ gxf4 50. exf4+ Kd6
51. Ne2 e5 52. fxe5+ Kxe5 53. Nf4 Kf6 54. Nxh5+ Kg5 55. Nf4 Kg4 56. Kd5
Bxb4 57. Ke6 Bd2 58. Ng6 Kg5 59. Ne5 Be3 60. Nc6 Bg1 61. h3 Bf2 62. Ne7
Bxg3 63. Nxf5 Bf2 64. Ne7 Kh4 65. Nc6 Kxh3 66. Nxa7 Kg4 67. Nc8 Kf4 68. Kd6
Ke4 69. Kc6 Kd3 70. Nxb6 Kc3 71. Nd7 Kb4 1/2-1/2

[Event "WYg16"]
[Site "Heraklio GRE"]
[Date "2002.11.17"]
[Round "4"]
[White "Morales Mendoza,L"]
[Black "Zdebskaja,N"]
[Result "0-1"]
[WhiteElo "2147"]
[BlackElo "2260"]
[EventDate "2002.11.15"]

1. e4 c6 2. Nc3 d5 3. Nf3 Bg4 4. h3 Bxf3 5. Qxf3 e6 6. d3 Nd7 7. exd5 cxd5
8. d4 Ngf6 9. Bd3 Qb6 10. O-O Bb4 11. Bd2 O-O 12. a3 Be7 13. Ne2 Rac8 14.
Be3 Qc7 15. Qg3 Qxg3 16. Nxg3 a6 17. Bf4 Rc6 18. Rfe1 Rfc8 19. b3 b5 20.
Bd2 Ne8 21. a4 b4 22. f4 Bf6 23. Be3 g6 24. a5 Nd6 25. Ra4 Rb8 26. Bf2 Be7
27. f5 Nb5 28. fxe6 fxe6 29. Ne2 Na3 30. Nf4 Kf7 31. h4 Nf8 32. Re2 Rbc8
33. Be1 Nxc2 34. Bxc2 Rxc2 35. Rxc2 Rxc2 36. Bxb4 Bxh4 37. Bxf8 Bg3 38. Ra1
Bxf4 39. Bc5 Be3+ 40. Kh2 e5 41. b4 exd4 42. Rd1 Ke6 43. Bxd4 Bxd4 44. Rxd4
Rc4 45. Rd3 Rxb4 46. Rh3 h5 47. Rc3 Kd6 48. Rg3 Rg4 49. Rb3 d4 50. Kg1 Kc5
51. Kf2 Rf4+ 52. Ke2 Re4+ 53. Kd2 Re6 54. Rb7 Re3 55. Rb6 Rg3 56. Rxa6
Rxg2+ 57. Kd3 Rg3+ 58. Kd2 Kb5 59. Rd6 Kxa5 60. Rxd4 g5 61. Ke2 h4 62. Kf2
Kb5 63. Rd8 Kc5 64. Rd7 Rg4 65. Ra7 Kd5 66. Ra5+ Ke4 67. Ra4+ Kf5 68. Ra5+
Kg6 69. Kf3 Rf4+ 70. Kg2 Kh5 71. Kh3 Rf3+ 72. Kg2 Rb3 73. Rc5 h3+ 74. Kh2
Kh4 75. Rc8 Rb2+ 76. Kg1 g4 77. Rc7 Rb1+ 78. Kf2 g3+ 79. Kf3 Rf1+ 80. Ke2
g2 0-1

[Event "WYg16"]
[Site "Heraklio GRE"]
[Date "2002.11.17"]
[Round "4"]
[White "Dzagnidze,N"]
[Black "Ortiz,N"]
[Result "1-0"]
[WhiteElo "2309"]
[BlackElo "2115"]
[EventDate "2002.11.15"]

1. d4 Nf6 2. Nf3 g6 3. Bg5 Bg7 4. e3 d6 5. Bd3 O-O 6. O-O Nbd7 7. c4 e5 8.
Nc3 Re8 9. Qc2 c6 10. b4 Qc7 11. Nd2 Nf8 12. dxe5 dxe5 13. Nde4 Nxe4 14.
Nxe4 Nd7 15. c5 Bf8 16. Bc4 Kg7 17. Rad1 Be7 18. f4 h6 19. Bxf7 hxg5 20.
Nd6 1-0

[Event "WYg16"]
[Site "Heraklio GRE"]
[Date "2002.11.17"]
[Round "4"]
[White "Paridar,S"]
[Black "Huang Qian"]
[Result "1/2-1/2"]
[WhiteElo "2132"]
[BlackElo "2305"]
[EventDate "2002.11.15"]

1. e4 e6 2. d4 d5 3. Nd2 c5 4. exd5 Qxd5 5. Ngf3 cxd4 6. Bc4 Qd6 7. O-O Nf6
8. Nb3 Nc6 9. Nbxd4 Nxd4 10. Nxd4 a6 11. c3 Qc7 12. Bd3 Bd6 13. h3 O-O 14.
Bg5 Nd5 15. Qh5 g6 16. Qf3 Bh2+ 17. Kh1 Bf4 18. Bxf4 Qxf4 19. Be4 Qxf3 20.
Bxf3 Nf4 21. Rfe1 Nd3 22. Re2 Ra7 23. Rd1 Nf4 24. Red2 e5 25. Ne2 Ne6 26.
Rd6 b5 27. Bc6 Re7 28. a4 bxa4 29. Bxa4 Nc5 30. Bc6 Be6 31. b4 Nb7 32. R6d2
Rc8 33. Bd7 Rc7 34. Bxe6 Rxe6 35. Rd7 Rxd7 36. Rxd7 Nd6 37. Kg1 Kf8 38. Kf1
Ke8 39. Rc7 Nb5 40. Rc5 Kd7 41. c4 Nc7 42. Nc3 f6 43. Ke2 Rd6 44. Ne4 Rb6
45. b5 axb5 46. cxb5 f5 47. Ng5 Kd6 48. Rc1 Rxb5 49. Nxh7 Ne6 50. h4 Rb2+
51. Kf1 Nf4 52. Rd1+ Ke7 53. Ng5 e4 54. g3 Nd3 55. Nh3 Kf6 56. Kg1 Ke5 57.
Rf1 Kd4 58. Ng5 Ke5 59. Nf7+ Kf6 60. Ng5 Ke7 61. Nh3 Kf6 62. Ng5 Ne5 63.
Re1 Ng4 64. Nh3 Rd2 65. Ra1 Ke5 66. Ra5+ Kd4 67. Ra4+ Kc5 68. Ra6 Nxf2 69.
Nxf2 e3 70. Re6 exf2+ 71. Kf1 Kd4 72. Rd6+ Ke3 73. Rxd2 Kxd2 74. Kxf2 Kd1
75. Kf3 Ke1 76. Kf4 Kf2 77. g4 fxg4 78. Kxg4 Kg2 79. Kg5 Kg3 80. Kxg6
1/2-1/2

[Event "WYg16"]
[Site "Heraklio GRE"]
[Date "2002.11.17"]
[Round "4"]
[White "Melia,S"]
[Black "Holusova,T"]
[Result "1-0"]
[WhiteElo "2264"]
[BlackElo "2106"]
[EventDate "2002.11.15"]

1. e4 e6 2. d4 d5 3. Nc3 Bb4 4. e5 c5 5. Bd2 Ne7 6. Nb5 Bxd2+ 7. Qxd2 O-O
8. dxc5 Nd7 9. Qc3 Nc6 10. Nf3 a6 11. Nd6 f6 12. exf6 Nxf6 13. Be2 Qc7 14.
O-O Bd7 15. b4 Ne8 16. Nxe8 Bxe8 17. Nd4 Rf6 18. f4 Ne7 19. Bg4 Bf7 20.
Rae1 Rxf4 21. Bxe6 Rf8 22. Bxf7+ R8xf7 23. Ne6 Rxf1+ 24. Rxf1 Qc8 25. Rxf7
Kxf7 26. Ng5+ Kg6 27. Nf3 Nf5 28. Qe5 h5 29. Qxd5 Qe8 30. Qd3 Kf6 31. Kf2
g5 32. Nd4 Nh6 33. h3 Qg8 34. Qf3+ Ke5 35. Ne2 Qxa2 36. Qxh5 Nf7 37. Qf3
Qa4 38. Qxb7 Ke6 39. c3 Ne5 40. Nd4+ Kf6 41. Qb6+ Ke7 42. Qe6+ 1-0

[Event "WYg16"]
[Site "Heraklio GRE"]
[Date "2002.11.17"]
[Round "4"]
[White "Fominykh,M"]
[Black "Mijovic,A"]
[Result "1-0"]
[WhiteElo "2240"]
[BlackElo "2104"]
[EventDate "2002.11.15"]

1. d4 d5 2. c4 e6 3. Nc3 Nf6 4. cxd5 exd5 5. Bg5 c6 6. e3 Be7 7. Bd3 O-O 8.
Qc2 Nbd7 9. Nf3 Re8 10. O-O Nf8 11. Rae1 Ne4 12. Bxe7 Qxe7 13. Bxe4 dxe4
14. Nd2 f5 15. f3 exf3 16. Nxf3 Be6 17. e4 Qd7 18. d5 cxd5 19. exd5 Bf7 20.
Ne5 Qc7 21. Nxf7 Qxf7 22. Rxe8 Rxe8 23. Qxf5 Qxf5 24. Rxf5 Rd8 25. Kf2 Ng6
26. Ke3 Ne7 27. Re5 Kf7 28. Kd3 Kf6 29. Re4 Nc8 30. Kd4 Ne7 31. Re6+ Kf7
32. Re2 Nf5+ 33. Kd3 g6 34. g4 Nd6 35. Kd4 b6 36. a4 Rd7 37. b3 Nb7 38. Re3
Na5 39. b4 Nb7 40. Ne4 Nd6 41. Ng5+ Kf6 42. Ne6 h5 43. Nf8 Rd8 44. Rf3+ Ke7
45. Nxg6+ 1-0

[Event "WYg16"]
[Site "Heraklio GRE"]
[Date "2002.11.17"]
[Round "4"]
[White "Tashimova,N"]
[Black "Khaziyeva,D"]
[Result "1/2-1/2"]
[WhiteElo "2196"]
[BlackElo "2102"]
[EventDate "2002.11.15"]

1. e4 e6 2. d4 d5 3. e5 c5 4. c3 Bd7 5. a3 Qb6 6. Nf3 Bb5 7. Nbd2 Bxf1 8.
Nxf1 cxd4 9. cxd4 Nc6 10. Ng3 Nge7 11. O-O Na5 12. Be3 Nb3 13. Rb1 Nc6 14.
Nh5 O-O-O 15. Nf4 Be7 16. Nd3 Kb8 17. Nc1 Nca5 18. Nxb3 Nxb3 19. Nd2 Nxd2
20. Qxd2 Rc8 1/2-1/2

[Event "WYg16"]
[Site "Heraklio GRE"]
[Date "2002.11.18"]
[Round "5"]
[White "Worek,J"]
[Black "Chistiakova,T"]
[Result "0-1"]
[WhiteElo "2230"]
[BlackElo "2223"]
[EventDate "2002.11.15"]

1. d4 d5 2. c4 dxc4 3. e3 e6 4. Bxc4 c5 5. Nf3 a6 6. Bb3 Nf6 7. O-O b5 8.
a4 c4 9. Bc2 Bb7 10. Qe2 Nbd7 11. e4 Be7 12. Rd1 Nb6 13. a5 Nbd7 14. d5
exd5 15. e5 Ne4 16. e6 fxe6 17. Bxe4 dxe4 18. Ne5 Nxe5 19. Rxd8+ Rxd8 20.
Be3 O-O 21. Nc3 Nd3 22. Bb6 Nf4 23. Qe1 e3 24. Qxe3 Rd3 25. Qe1 Bxg2 26.
Be3 Bh3 27. Rd1 Rf6 28. Bxf4 Rxf4 29. Rxd3 cxd3 30. Qe3 Rg4+ 31. Kh1 Bg2+
32. Kg1 Rg6 33. f4 Kf7 34. h3 b4 35. Nb1 Bxh3+ 36. Kh2 Rh6 37. Nd2 Rh5 38.
Ne4 Bf5+ 39. Kg2 Bxe4+ 40. Qxe4 d2 41. Qe2 Rd5 42. Qd1 Bf6 0-1

[Event "WYg16"]
[Site "Heraklio GRE"]
[Date "2002.11.18"]
[Round "5"]
[White "Zawadzka,J"]
[Black "Papadopoulou,V"]
[Result "1-0"]
[WhiteElo "2310"]
[BlackElo "2165"]
[EventDate "2002.11.15"]

1. e4 c5 2. Nf3 d6 3. d4 cxd4 4. Nxd4 Nf6 5. Nc3 Nc6 6. Bg5 e6 7. Qd2 a6 8.
O-O-O h6 9. Be3 Qc7 10. f3 Be7 11. g4 b5 12. Nxc6 Qxc6 13. h4 Bb7 14. Bd3
O-O-O 15. Kb1 Nd7 16. Ne2 Ne5 17. Nd4 Qd7 18. Qe2 Kb8 19. Bf2 Rc8 20. a4
Nxd3 21. Rxd3 bxa4 22. Rhd1 Rc7 23. Qe3 Rd8 24. Ne2 Bc6 25. Qd2 Bb5 26. Rd4
Rdc8 27. Nc3 Rxc3 28. bxc3 Bc4 29. Qe3 a3 30. Ka1 Qc7 31. Rxc4 1-0

[Event "WYg16"]
[Site "Heraklio GRE"]
[Date "2002.11.18"]
[Round "5"]
[White "Burtasova,A"]
[Black "Dzagnidze,N"]
[Result "0-1"]
[WhiteElo "2159"]
[BlackElo "2309"]
[EventDate "2002.11.15"]

1. e4 c5 2. Nf3 d6 3. Bc4 Nf6 4. d3 e6 5. Bb3 Be7 6. c3 O-O 7. a4 Nc6 8.
O-O e5 9. Nbd2 Be6 10. Nc4 h6 11. Ne3 d5 12. exd5 Nxd5 13. Nc4 Qc7 14. Re1
Bf6 15. Qe2 Rfe8 16. Qe4 Rad8 17. Bc2 Nde7 18. Ne3 Qc8 19. h3 h5 20. Nh4
Nd4 21. cxd4 Rxd4 22. Qf3 Rxh4 23. Nc4 Bd5 24. Qd1 Bxg2 25. Re3 Bxh3 26.
Nd6 Qc6 27. Ne4 Nf5 28. Re1 Nd4 29. f3 Bd8 30. Kf2 Bf5 31. Rg1 Bxe4 32.
dxe4 Rh2+ 33. Rg2 Bh4+ 0-1

[Event "WYg16"]
[Site "Heraklio GRE"]
[Date "2002.11.18"]
[Round "5"]
[White "Hoang Thi Bao Tram"]
[Black "Melia,S"]
[Result "1-0"]
[WhiteElo "2150"]
[BlackElo "2264"]
[EventDate "2002.11.15"]

1. e4 e5 2. Nc3 Nf6 3. g3 d5 4. exd5 Nxd5 5. Bg2 Nxc3 6. bxc3 Nc6 7. Rb1
Bc5 8. Ne2 O-O 9. O-O Bb6 10. d3 Bg4 11. h3 Be6 12. Ba3 Re8 13. c4 Qd7 14.
Kh2 Rad8 15. Nc3 Nd4 16. Bb4 c6 17. Ne4 Bc7 18. Nc5 Qc8 19. Nxe6 Rxe6 20.
Rb2 Rg6 21. c3 Nf5 22. Be4 Rh6 23. g4 Nd6 24. Bxd6 Rdxd6 25. Bf5 Qd8 26.
Kg2 b6 27. Qf3 g6 28. Be4 Rf6 29. Qg3 Rf4 30. Rh1 Rh4 31. Qe3 Qd7 32. Qg3
Qe7 33. Re2 h5 34. f3 Kh8 35. Rhe1 f5 36. Bxf5 e4 37. Rxe4 Rxe4 38. Rxe4
Qd8 39. Qe1 1-0

[Event "WYg16"]
[Site "Heraklio GRE"]
[Date "2002.11.18"]
[Round "5"]
[White "Batchimeg,T"]
[Black "Fominykh,M"]
[Result "0-1"]
[WhiteElo "2140"]
[BlackElo "2240"]
[EventDate "2002.11.15"]

1. e4 d6 2. d4 Nf6 3. Nc3 e5 4. dxe5 dxe5 5. Qxd8+ Kxd8 6. Bg5 Be6 7.
O-O-O+ Nbd7 8. Nf3 Kc8 9. Bxf6 gxf6 10. a3 c6 11. Be2 Bc5 12. Rhf1 Rg8 13.
Nh4 Kc7 14. Bd3 b5 15. Nb1 Nf8 16. Rd2 Ng6 17. Nxg6 fxg6 18. Re2 a6 19. Nc3
Rad8 20. Ree1 Rd7 21. f4 exf4 22. Rxf4 Bd4 23. Nd1 c5 24. g3 c4 25. Be2 g5
26. Rf3 Bg4 27. Re3 Bxe3+ 28. Nxe3 Be6 29. Bg4 Bxg4 30. Nxg4 Rf8 31. Rf1
Rdf7 32. Rf5 h5 33. Ne3 Re8 34. Nd5+ Kc6 35. Nc3 Re5 36. Kd2 Rxf5 37. exf5
Kd6 38. Nd1 Ke5 39. Ne3 Rd7+ 40. Ke2 Rd4 41. h3 Re4 42. Kf3 Kd4 43. c3+ Kd3
44. Nd5 Re5 45. Nb4+ Kd2 46. g4 hxg4+ 47. hxg4 Re3+ 48. Kf2 Re4 49. Kf3 Re5
50. Nxa6 Kc1 51. Nb8 Rd5 52. Ke4 Rd6 53. Nc6 Rxc6 54. Kd5 Rb6 55. Kc5 Rb8
56. Kb4 Kxb2 57. a4 bxa4+ 58. Kxa4 Kxc3 0-1

[Event "WYg16"]
[Site "Heraklio GRE"]
[Date "2002.11.18"]
[Round "5"]
[White "Amrutha,M"]
[Black "Karavade,E"]
[Result "0-1"]
[WhiteElo "2069"]
[BlackElo "2171"]
[EventDate "2002.11.15"]

1. e4 c5 2. Nf3 d6 3. d4 cxd4 4. Nxd4 Nf6 5. Nc3 a6 6. Be2 e5 7. Nb3 Be7 8.
O-O O-O 9. Kh1 b6 10. Be3 Bb7 11. f3 Nbd7 12. a4 Qc7 13. Rf2 Rfd8 14. Bf1
Nc5 15. Rd2 Rac8 16. Nxc5 dxc5 17. Bc4 Rxd2 18. Qxd2 Rd8 19. Qe2 Qc8 20.
Rd1 Rxd1+ 21. Qxd1 Qd7 22. Qe2 a5 23. Bb5 Qd6 24. Qc4 g6 25. Qb3 Bc8 26.
Bc4 Be6 27. Nd5 Nxd5 28. Bxd5 Kg7 29. g4 Bd7 30. Qc4 f5 31. Bg8 Qf6 32.
exf5 gxf5 33. g5 Qf8 34. Be6 Bc6 35. Bd5 Qa8 36. Bxc6 Qxc6 37. Qe2 e4 38.
Bf4 Qxa4 39. fxe4 fxe4 40. Be5+ Kg6 41. h4 Kf5 42. Bc3 e3 43. Qf3+ Qf4 44.
Qd5+ Kg4 45. Qe6+ Kf3 46. Qh3+ Ke2 47. Qg2+ Qf2 48. Bf6 Qxg2+ 49. Kxg2 Kd1
50. Bc3 e2 51. Kf2 a4 0-1

[Event "WYg16"]
[Site "Heraklio GRE"]
[Date "2002.11.18"]
[Round "5"]
[White "Huang Qian"]
[Black "Vega Gutierrez,S"]
[Result "1-0"]
[WhiteElo "2305"]
[BlackElo "2069"]
[EventDate "2002.11.15"]

1. d4 d5 2. c4 e6 3. Nc3 c6 4. Nf3 dxc4 5. a4 Bb4 6. Ne5 c5 7. e3 cxd4 8.
exd4 Nf6 9. Bxc4 O-O 10. O-O Nc6 11. Nxc6 bxc6 12. Bg5 Be7 13. a5 Rb8 14.
b3 Nd5 15. Bxe7 Qxe7 16. Ne4 Rd8 17. Qf3 Nb4 18. Rad1 Ba6 19. Qg3 Bxc4 20.
bxc4 Na6 21. Rfe1 Rb4 22. Qa3 Qb7 23. h3 h6 24. Ng3 Rb3 25. Qc1 Qb4 26. Ne4
Qxa5 27. Qf4 Qf5 28. Qc1 Qa5 29. Qf4 Qf5 30. Qh4 Rbb8 31. Rd3 Qa5 32. Rf1
Qb6 33. c5 Qb4 34. Rg3 Kf8 35. Nd6 Rb7 36. Qg4 g6 37. Qf4 h5 38. Rxg6 Qb3
39. Qh6+ Ke7 40. Qg5+ 1-0

[Event "WYg16"]
[Site "Heraklio GRE"]
[Date "2002.11.18"]
[Round "5"]
[White "Ismailova,A"]
[Black "Tashimova,N"]
[Result "1-0"]
[WhiteElo "2133"]
[BlackElo "2196"]
[EventDate "2002.11.15"]

1. e4 Nc6 2. Nf3 a6 3. d4 d5 4. exd5 Qxd5 5. Nc3 Qh5 6. Be2 Bg4 7. O-O
O-O-O 8. Be3 Nh6 9. h3 Bxf3 10. Bxf3 Qg6 11. Bh5 Qf6 12. Ne4 Qe6 13. Nc5
Qf6 14. c3 e6 15. b4 Nf5 16. Ne4 Qh4 17. Bf3 Nxe3 18. fxe3 Bd6 19. Qa4 Nb8
20. b5 f5 21. Nxd6+ Rxd6 22. Rab1 a5 23. Qxa5 g5 24. Qa7 b6 25. Bc6 Nxc6
26. bxc6 Rxc6 27. Qa8+ Kd7 28. Qxh8 Qh6 29. Rbc1 g4 30. Qe5 gxh3 31. gxh3
Qxh3 32. Rf2 1-0

[Event "WYg16"]
[Site "Heraklio GRE"]
[Date "2002.11.19"]
[Round "6"]
[White "Dzagnidze,N"]
[Black "Chistiakova,T"]
[Result "1-0"]
[WhiteElo "2309"]
[BlackElo "2223"]
[EventDate "2002.11.15"]

1. d4 d5 2. Nf3 e6 3. e3 Nf6 4. Bd3 b6 5. O-O Be7 6. b3 Bb7 7. Bb2 Nbd7 8.
c4 O-O 9. Nc3 Ne4 10. cxd5 Nxc3 11. Bxc3 exd5 12. Bb2 Bd6 13. Rc1 Qe7 14.
Qc2 h6 15. Ne5 Nxe5 16. dxe5 Bxe5 17. Bxe5 Qxe5 18. Qxc7 Qxc7 19. Rxc7 Rab8
20. Rfc1 Rfc8 21. f3 a5 22. Kf2 Rxc7 23. Rxc7 Bc8 24. Ke1 g5 25. Kd2 g4 26.
f4 Bb7 27. g3 Kg7 28. Bf5 h5 29. Be6 Kf6 30. Bxf7 h4 31. gxh4 Kf5 32. h5 d4
33. Bg6+ Kf6 34. exd4 Bf3 35. Rf7+ Ke6 36. h6 Be4 37. f5+ 1-0

[Event "WYg16"]
[Site "Heraklio GRE"]
[Date "2002.11.19"]
[Round "6"]
[White "Tania,S"]
[Black "Zawadzka,J"]
[Result "0-1"]
[WhiteElo "2189"]
[BlackElo "2310"]
[EventDate "2002.11.15"]

1. e4 e5 2. Nf3 Nc6 3. Bb5 a6 4. Ba4 Nf6 5. O-O b5 6. Bb3 Bc5 7. d3 d6 8.
c3 O-O 9. Re1 Bb7 10. Nbd2 Ne7 11. Nf1 Ng6 12. Ng3 Re8 13. h3 h6 14. Nh2 d5
15. Ng4 dxe4 16. dxe4 Nxg4 17. Qxg4 Qf6 18. Be3 Bxe3 19. Rxe3 Nf4 20. Qd7
Re7 21. Qd1 Bc6 22. Nf5 Rd7 23. Qe1 Nxg2 24. Kxg2 Qxf5 25. a4 Rad8 26. axb5
axb5 27. Ra6 Qg6+ 28. Kh2 Rd6 29. Rg3 Qxe4 30. Qxe4 Bxe4 31. Rxd6 Rxd6 32.
Re3 Bd5 33. Bc2 f6 34. Kg3 Kf7 35. f4 exf4+ 36. Kxf4 g5+ 37. Kg4 Be6+ 38.
Kh5 f5 0-1

[Event "WYg16"]
[Site "Heraklio GRE"]
[Date "2002.11.19"]
[Round "6"]
[White "Karavade,E"]
[Black "Zdebskaja,N"]
[Result "1/2-1/2"]
[WhiteElo "2171"]
[BlackElo "2260"]
[EventDate "2002.11.15"]

1. Nf3 Nf6 2. g3 b6 3. Bg2 Bb7 4. O-O e6 5. c4 Be7 6. Nc3 Ne4 7. Qc2 Nxc3
8. Qxc3 O-O 9. d4 c5 10. Rd1 d6 11. Qc2 Nc6 12. dxc5 bxc5 13. Bd2 Qc7 14.
Bc3 d5 15. cxd5 exd5 16. e3 Rad8 17. Rac1 Bc8 18. b3 Be6 19. Qb2 f6 20. Rd2
Qb6 21. Rcd1 Rd7 22. h3 Rfd8 23. g4 h6 24. Qa1 Rd6 1/2-1/2

[Event "WYg16"]
[Site "Heraklio GRE"]
[Date "2002.11.19"]
[Round "6"]
[White "Fominykh,M"]
[Black "Hoang Thi Bao Tram"]
[Result "1-0"]
[WhiteElo "2240"]
[BlackElo "2150"]
[EventDate "2002.11.15"]

1. d4 d5 2. c4 c6 3. Nf3 Nf6 4. Nc3 dxc4 5. a4 e6 6. e4 Bb4 7. e5 Nd5 8.
Bd2 b5 9. Ne4 Be7 10. b3 cxb3 11. axb5 b2 12. Ra2 cxb5 13. Bxb5+ Bd7 14.
Rxb2 Bxb5 15. Rxb5 O-O 16. O-O Nd7 17. Qa1 N7b6 18. Bg5 Qd7 19. Rfb1 Rfe8
20. Bxe7 Qxe7 21. Nd6 Reb8 22. g3 Nc7 23. R5b3 Ne8 24. Ne4 h6 25. Nfd2 Rd8
26. Nc5 Qc7 27. Nde4 Qc6 28. Ra3 Nc4 29. Ra4 Qd5 30. Rbb4 Nb6 31. Rxa7 Rxa7
32. Qxa7 Nc8 33. Qa5 Ne7 34. Nc3 Qa8 35. Qxa8 Rxa8 36. Rb7 Nc6 37. Nb5 Ra5
38. Nb3 Ra8 39. Kg2 Kf8 40. Kf3 Nd8 41. Rb6 Rc8 42. Nc5 Nc6 43. Ke4 Ne7 44.
Rb7 Nd5 45. f4 g6 46. g4 Ng7 47. Rxf7+ Kg8 48. Rb7 Rf8 49. Rxg7+ 1-0

[Event "WYg16"]
[Site "Heraklio GRE"]
[Date "2002.11.19"]
[Round "6"]
[White "Ismailova,A"]
[Black "Huang Qian"]
[Result "0-1"]
[WhiteElo "2133"]
[BlackElo "2305"]
[EventDate "2002.11.15"]

1. e4 c5 2. Nf3 d6 3. d4 Nf6 4. Nc3 cxd4 5. Nxd4 a6 6. Bg5 e6 7. f4 Be7 8.
Qf3 Qc7 9. O-O-O Nbd7 10. Bd3 b5 11. Rhe1 Bb7 12. Qg3 b4 13. Nd5 Nxd5 14.
exd5 Bxd5 15. Bxe7 Kxe7 16. Nf5+ Kd8 17. Qxg7 Rf8 18. Nh6 Qa5 19. Bxh7 Qxa2
20. b3 f6 21. Be4 Qa1+ 22. Kd2 Qc3+ 23. Kc1 Rc8 24. Nf7+ Rxf7 25. Qxf7 Bxe4
26. Qg8+ Kc7 27. Qxc8+ Kxc8 28. Rxe4 Nc5 29. Rc4 Qe3+ 30. Kb1 Kd7 31. Rxb4
Ne4 32. Rc1 a5 33. Rb7+ Kc6 34. Re7 a4 35. Kb2 a3+ 0-1

[Event "WYg16"]
[Site "Heraklio GRE"]
[Date "2002.11.19"]
[Round "6"]
[White "Paridar,S"]
[Black "Topel,Z"]
[Result "1-0"]
[WhiteElo "2132"]
[BlackElo "2139"]
[EventDate "2002.11.15"]

1. e4 c6 2. d4 d5 3. exd5 cxd5 4. Bd3 Nc6 5. c3 Nf6 6. Bf4 Bg4 7. Qb3 Qc8
8. Nd2 e6 9. Ngf3 Be7 10. h3 Bh5 11. O-O O-O 12. Rae1 Bg6 13. Bxg6 hxg6 14.
Ne5 a6 15. Ndf3 Ne4 16. h4 Nxe5 17. Bxe5 b5 18. Bf4 Qd8 19. g3 Bd6 20. Bc1
Qc7 21. Re2 Rab8 22. a3 a5 23. Ng5 Nxg5 24. hxg5 b4 25. cxb4 axb4 26. Qf3
bxa3 27. bxa3 Qa7 28. Qg4 Qc7 29. Kg2 Rfe8 30. Qh4 Qe7 31. Rh1 f5 32. gxf6
Qxf6 33. Bg5 Qf8 34. Re3 1-0

[Event "WYg16"]
[Site "Heraklio GRE"]
[Date "2002.11.19"]
[Round "6"]
[White "Melia,S"]
[Black "Lelekova,O"]
[Result "1-0"]
[WhiteElo "2264"]
[BlackElo "2070"]
[EventDate "2002.11.15"]

1. e4 c5 2. Nf3 Nc6 3. d4 cxd4 4. Nxd4 Qb6 5. Nb3 Nf6 6. Nc3 e6 7. Be3 Qc7
8. Qd2 Bb4 9. f3 d5 10. a3 Bxc3 11. Qxc3 dxe4 12. fxe4 O-O 13. Bd3 Ng4 14.
Bc5 Rd8 15. O-O-O b6 16. Bg1 Qf4+ 17. Kb1 Nce5 18. h3 Nxd3 19. hxg4 Ba6 20.
cxd3 Rac8 21. Qb4 Bxd3+ 22. Ka1 a5 23. Qxb6 a4 24. Nc5 Rb8 25. Bh2 1-0

[Event "WYg16"]
[Site "Heraklio GRE"]
[Date "2002.11.19"]
[Round "6"]
[White "Holusova,T"]
[Black "Batsiashvili,N"]
[Result "0-1"]
[WhiteElo "2106"]
[BlackElo "2236"]
[EventDate "2002.11.15"]

1. e4 c5 2. Nf3 d6 3. d4 cxd4 4. Nxd4 Nf6 5. Nc3 a6 6. Bg5 Nc6 7. Be2 e6 8.
Qd2 Bd7 9. f3 Be7 10. O-O-O b5 11. h4 Rc8 12. Nxc6 Rxc6 13. Bd3 b4 14. Ne2
O-O 15. g4 Qb8 16. Kb1 a5 17. Be3 a4 18. h5 b3 19. cxb3 axb3 20. axb3 Bc8
21. g5 Nd7 22. g6 Ba6 23. gxh7+ Kh8 24. Nd4 Bxd3+ 25. Qxd3 Rb6 26. Qd2 Ra6
27. Bg5 Qa7 28. Bxe7 Ra1+ 29. Kc2 Rc8+ 30. Kd3 Rxd1 31. Rxd1 Ne5+ 32. Ke2
Qxe7 33. Rc1 Rxc1 34. Qxc1 Qh4 35. b4 Qxh5 36. Qg1 Nd7 37. Qg3 d5 38. Qd6
Nf6 39. exd5 Nxd5 40. b5 Qg5 41. Kd3 Qe3+ 42. Kc4 Qc1+ 43. Kb3 Qd1+ 44. Kc4
Qf1+ 45. Kb3 Qd3+ 46. Ka2 Qxd4 47. Qf8+ Kxh7 48. Qxf7 Qc4+ 49. Kb1 Qc8 50.
f4 Nb4 51. Qh5+ Kg8 52. Qh1 Qc7 53. Qa8+ Kf7 54. Qh1 Qa7 0-1

[Event "WYg16"]
[Site "Heraklio GRE"]
[Date "2002.11.19"]
[Round "6"]
[White "Papadopoulou,V"]
[Black "Amrutha,M"]
[Result "1-0"]
[WhiteElo "2165"]
[BlackElo "2069"]
[EventDate "2002.11.15"]

1. Nf3 c5 2. c4 Nc6 3. b3 e6 4. Bb2 Nf6 5. g3 b6 6. Bg2 Bb7 7. O-O Be7 8.
e3 O-O 9. Nc3 d5 10. cxd5 exd5 11. d4 Ba6 12. Re1 Ne4 13. Ne5 Nxe5 14. dxe5
Nxc3 15. Bxc3 Bb7 16. Qg4 f5 17. Qh5 Qd7 18. Rad1 Qe6 19. Re2 Rfd8 20. Red2
b5 21. Ba5 Rd7 22. e4 fxe4 23. Bh3 Qc6 24. Qf5 Rdd8 25. Bxd8 Rxd8 26. Qe6+
Kf8 27. Qxc6 Bxc6 28. Bf5 Bg5 29. Rc2 c4 30. h4 Bh6 31. Bxe4 Ke7 32. Bg2
Ke6 33. f4 g6 34. bxc4 bxc4 35. Rxc4 dxc4 36. Rxd8 Bd7 37. Bh3+ 1-0

[Event "WYg16"]
[Site "Heraklio GRE"]
[Date "2002.11.21"]
[Round "7"]
[White "Chistiakova,T"]
[Black "Fominykh,M"]
[Result "1/2-1/2"]
[WhiteElo "2223"]
[BlackElo "2240"]
[EventDate "2002.11.15"]

1. Nf3 Nf6 2. c4 g6 3. d4 Bg7 4. g3 O-O 5. Bg2 d6 6. Nc3 Nbd7 7. O-O e5 8.
e3 exd4 9. Nxd4 Nc5 10. b4 Ne6 11. Bb2 Nxd4 12. exd4 Be6 13. d5 Bg4 14. Qd4
Bf5 15. Qd2 Nd7 16. Ne4 Bxb2 17. Qxb2 Bxe4 18. Bxe4 f5 19. Bg2 f4 20. Rae1
Ne5 21. Rxe5 dxe5 22. Qxe5 Qd6 23. Qd4 Qxb4 24. d6 Qxd6 25. Bd5+ Rf7 26. c5
Qd7 1/2-1/2